000 00771cam a2200205 4500
001 WB3713-13
008 000000n2001 000 0 eng u
035 _a(Sirsi) u111710
245 _aNew invest.UK web site
260 _c2001
490 _aDTI Press Release
_v 27 March 2001, (1)
520 _aA new web site, www.uk researchanddevelopment.com from Invest UK is gives access to top quality research and development information from Britain for inward investors. The site has information on science parks, universities and research and development organisations.
590 _aWB
650 _aUKRESEARCHANDDEVELOPMENT.COM
650 _aINVEST UK
650 _aRESEARCH AND DEVELOPMENT
650 _aINWARD INVESTMENT
690 _aINVESTMENT
942 _n0
999 _c66554
_d66554